000 01538nam0a2200361 4500
001 RU\NLR\bibl\25474
005 20250615020604.0
010 _a5-8183-0061-7
010 _a5-8190-0014-5
_910000
021 _aRU
_b99-8846
_9425
035 _a(NLR Aleph) 000024812
090 _a118716
_c118716
100 _a19990505d1999 |||y0rusy50 ca
101 1 _arus
102 _aRU
105 _a|||||||||||||
200 1 _aНаш ребенок
_fМ. Климова-Фюгнерова
_g[Пер. Л. Копецкого]
210 _aМ.
_cИзд.-торговый дом "ГРАНД"
_cФАИР-ПРЕСС
_d1999
215 _a382 с.
_cил.
_d20
225 1 _aПопулярная медицина
606 0 _aДети
_jПопулярная литература
_xВоспитание
_xГигиенические основы
_9941567
_3RU\NLR\auth\66348507
606 0 _aДети
_jПопулярные издания
_xВоспитание
_xГигиенические основы
_9941567
_3RU\NLR\auth\66348507
606 0 _aДети
_jПопулярная литература
_xУход
_91370856
_3RU\NLR\auth\66260451
606 0 _aДети
_jПопулярные издания
_xУход
_91370856
_3RU\NLR\auth\66260451
686 _aР716.11я9
686 _aР128.3я9
700 1 _aКлимова-Фюгнерова
_bМ.
_gМирка
_4070
801 0 _aRU
_bNLR
_c19990505
_gPSBO
801 1 _aRU
_bNLR
_c19990505
852 _aNLR
_j99-3/2777
942 _cBOOK
980 _aNB